[Event "Ulan Bator Mongolia Fed"]
[Site "Ulan Bator"]
[Date "2024.03.22"]
[Round "3"]
[White "Sodgerelt, Naranbold"]
[Black "Batzaya, Agibat"]
[Result "1-0"]
[WhiteElo "1819"]
[BlackElo "1847"]
[PlyCount "77"]
[EventDate "2024.03.21"]
[EventType "swiss"]
[EventRounds "7"]
[EventCountry "MGL"]
[SourceTitle "CB13_2024"]
[SourceDate "2024.03.27"]
[SourceVersion "1"]
[SourceVersionDate "2024.03.27"]
[SourceQuality "1"]

1. e4 c6 2. d4 d5 3. exd5 cxd5 4. Bd3 Nf6 5. c3 Bg4 6. Ne2 Nc6 7. 0-0 e6 8. Bg5 Bh5 9. Re1 Be7 10. Nd2 0-0 11. Qc2 Bg6 12. Nf4 Qc7 13. Nxg6 hxg6 14. Nf3 Rab8 15. Qe2 Nh5 16. Bxe7 Nf4 17. Qe3 Nxd3 18. Bxf8 Nxe1 19. Nxe1 Kxf8 20. Nd3 b5 21. Nc5 Ra8 22. Qxe6 Nxd4 23. cxd4 Qxc5 24. Qh3 Qc8 25. Qh8+ Ke7 26. Re1+ Kf6 27. Qh4+ g5 28. Qg3 Qd8 29. Re5 Kg6 30. Qd3+ Kh6 31. Qh3+ Kg6 32. Qf5+ Kh6 33. Rxd5 Qf6 34. Qh3+ Kg6 35. g4 Qc6 36. Qh5+ Kf6 37. Qxg5+ Ke6 38. Qf5+ Ke7 39. Qe4+ 1-0

[Event "Eastern Asia-ch U12 7th"]
[Site "Hainan"]
[Date "2023.08.06"]
[Round "5"]
[White "Iderjavkhlan, Tumursukh"]
[Black "Batzaya, Agibat"]
[Result "1/2-1/2"]
[WhiteElo "1476"]
[BlackElo "1671"]
[PlyCount "84"]
[EventDate "2023.08.04"]
[EventType "swiss"]
[EventRounds "9"]
[EventCountry "CHN"]
[SourceTitle "EXT 2024"]
[Source "ChessBase"]
[SourceDate "2023.10.10"]
[SourceVersion "1"]
[SourceVersionDate "2023.10.10"]
[SourceQuality "1"]

1. d4 d5 2. Bf4 c5 3. c3 Nc6 4. e3 cxd4 5. cxd4 Nf6 6. Nc3 Bf5 7. Nf3 e6 8. Qa4 Bd6 9. Bb5 0-0 10. Ne5 Nb4 11. 0-0 a6 12. Be2 Bc2 13. Qa3 Nd3 14. Nxf7 Bxa3 15. Nxd8 Bxb2 16. Nxe6 Bxc3 17. Rac1 Nxc1 18. Rxc1 Rfc8 19. Rxc2 Ba5 20. Bd3 Rxc2 21. Bxc2 Rc8 22. Nc5 b6 23. Bf5 Rc6 24. Nb3 g6 25. Bd3 Ne4 26. f3 g5 27. Be5 Nd6 28. Bxa6 b5 29. Nc5 Bd2 30. Kf2 Nc4 31. Ke2 Bb4 32. Bxb5 Rxc5 33. dxc5 Nxe5 34. c6 Ba5 35. Ba4 Kf8 36. Bb3 Nxc6 37. Bxd5 Nb4 38. Bb3 Ke7 39. a3 Na6 40. f4 Nc5 41. Bc4 g4 42. Bd5 Bc3 1/2-1/2

[Event "Eastern Asia-ch U10"]
[Site "Tornelo INT"]
[Date "2021.10.30"]
[Round "5"]
[White "Batzaya, Agibat"]
[Black "Akhil Prasad, Sri"]
[Result "0-1"]
[WhiteElo "1351"]
[BlackElo "1096"]
[PlyCount "96"]
[EventDate "2021.10.29"]
[EventType "swiss"]
[EventRounds "9"]
[EventCountry "NET"]
[SourceTitle "EXT 2023"]
[Source "ChessBase"]
[SourceDate "2022.10.05"]
[SourceVersion "1"]
[SourceVersionDate "2022.10.05"]
[SourceQuality "1"]

1. e4 e5 2. Nf3 Nc6 3. Bb5 a6 4. Ba4 Nf6 5. 0-0 Nxe4 6. Re1 Nc5 7. Bxc6 dxc6 8. Rxe5+ Ne6 9. Nc3 Bd6 10. Re1 0-0 11. d3 Bd7 12. Ne4 Bf4 13. c3 Bxc1 14. Qxc1 Re8 15. Qd2 Nf8 16. d4 Ng6 17. Re2 Bg4 18. Rae1 Bxf3 19. gxf3 Re6 20. Ng3 Rxe2 21. Qxe2 Qf6 22. Qe4 h6 23. Qf5 Qg5 24. Qxg5 hxg5 25. Ne4 f6 26. Kg2 Nf4+ 27. Kg3 Kf7 28. h4 Nd3 29. Rd1 gxh4+ 30. Kg4 Nxb2 31. Rb1 Nc4 32. Rxb7 Ke6 33. Rxc7 f5+ 34. Kxh4 fxe4 35. Rxc6+ Nd6 36. fxe4 Kd7 37. Rb6 Kc7 38. Rb2 Nxe4 39. Re2 Re8 40. f3 g5+ 41. Kh3 g4+ 42. Kg2 gxf3+ 43. Kxf3 Ng5+ 44. Kf2 Rxe2+ 45. Kxe2 Kd6 46. Kd3 Ne6 47. c4 Nf4+ 48. Kc3 Ne2+ 0-1